| 000 | 00643nam a22001937a 4500 | ||
|---|---|---|---|
| 005 | 20251108170737.0 | ||
| 008 | 250721s1999 xx 000 0 ara d | ||
| 082 | 1 | 4 | _aط/611.4/شلش |
| 100 | 1 | _aشلش، صبحي عمران | |
| 245 | 1 | 0 | _aالغدد الصماء / |
| 246 | 1 | 1 | _athe endocrine glands |
| 250 | _aط2 | ||
| 264 | 1 |
_aعمان : _bالمجلس العربي للعلوم و الطب، _c1999. |
|
| 300 | _a47ص | ||
| 490 | 0 | _aجولة علمية داخل جسم الإنسان : سلسلة أعضاء جسن الإنسان و أسراره ؛9 | |
| 650 | 1 | 7 | _aالغدد الصماء |
| 942 |
_2ddc _cBK |
||
| 999 |
_c47960 _d47960 |
||